000 00250nam a22001097a 4500
082 _a355 MAL
100 _aMALLALIEU, J. P W
_979972
245 _aTHE MAKING OF ISRAEL'S ARMY
260 _aLONDON
_bA PANTHER BOOK
_c1963
300 _a70P
942 _cBK
999 _c584949
_d584949